000 04172cam a2200373 4500500
005 20251228045701.0
041 _afre
042 _adc
100 1 0 _aAka, Lepri Bernadin Nicaise
_eauthor
700 1 0 _aEkra, Kouadio Daniel
_eauthor
700 1 0 _aYao, Gnissan Henri Auguste
_eauthor
700 1 0 _aDouba, Alfred
_eauthor
700 1 0 _aAkani, Bangaman Christian
_eauthor
700 1 0 _aKeita, Zakaria
_eauthor
700 1 0 _aDali, Serge Aimé
_eauthor
700 1 0 _aKayentao, Kassoum
_eauthor
700 1 0 _aSangho, Hamadoun
_eauthor
700 1 0 _aSeydou, Doumbia
_eauthor
245 0 0 _aSurveillance des paralysies flasques aiguës en Côte d’Ivoire de 2007 à 2016 : importance et profil épidémiologique des entérovirus non poliovirus
260 _c2020.
500 _a4
520 _aIntroduction : Le maintien, par la Côte d’Ivoire, du statut de pays libre de poliomyélite exige une haute qualité de la surveillance épidémiologique des paralysies flasques aiguës. Notre étude vise à déterminer la prévalence des entérovirus non poliovirus retrouvés dans le cadre de la surveillance des Paralysies Flasques Aiguës (PFA) en Côte d’Ivoire et d’étudier leur répartition selon les caractéristiques individuelles et les facteurs associés. Méthode : Nous avons conduit une étude exhaustive, rétrospective, transversale, descriptive et analytique sur 3 597 cas de paralysies flasques aiguës, notifiés dans le cadre de la surveillance des PFA, de 2007 à 2016, en Côte d’Ivoire. Résultats : En moyenne, le pourcentage d’entérovirus non poliovirus parmi les PFA était de 11,3 % sur la période de l’étude, avec des extrêmes de 9,2 % et 15,9 %. L’absence de fièvre au début de la maladie et le jeune âge étaient des facteurs associés à la survenue d’une paralysie flasque aiguë due à un entérovirus non poliovirus. Conclusion : Notre étude a permis de constater une tendance à la baisse du pourcentage d’entérovirus non poliovirus détectés dans le cadre de la surveillance des PFA en Côte d’Ivoire ; elle a aussi identifié l’absence de fièvre et l’âge du sujet comme étant les facteurs associés à leur survenue. Il est donc nécessaire de typer tous les cas d’entérovirus non poliovirus détectés dans la surveillance des PFA, afin d’évaluer les risques de survenue de poliovirus dérivés de souche vaccinale.
520 _aIntroduction: Côte d’Ivoire’s status as a polio-free country requires high quality surveillance of acute flaccid paralysis. Our study aims to determine the prevalence of non-poliovirus enteroviruses found in the surveillance of Acute Flaccid Paralysis (AFP) in Côte d’Ivoire and to study their distribution according to individual characteristics and associated factors. Method: We conducted an exhaustive descriptive and analytical cross-sectional retrospective study on 3597 cases of acute flaccid paralysis notified in the context of surveillance of AFP from 2007 to 2016 in Côte d’Ivoire. Results: The mean annual rate of non-poliovirus enterovirus over the period was 11.3% over the study period with extremes of 9.2% and 15.9%. The absence of fever at the onset of illness and early age were factors associated with the occurrence of acute flaccid paralysis due to non-poliovirus enterovirus. Conclusion: Our study found a downward trend in non-poliovirus enteroviruses detected in AFP surveillance in Côte d’Ivoire, and identified the absence of fever and the age of the subject as being the factors associated with their occurrence. It is therefore necessary to type all cases of non-poliovirus enteroviruses detected in AFP surveillance to assess the risks of vaccine-derived polioviruses.
690 _aCôte d’Ivoire
690 _aentérovirus non poliovirus
690 _aPFA
690 _asurveillance
690 _aAFP
690 _aIvort Coast
690 _anon-poliovirus enterovirus
690 _asurveillance
786 0 _nSanté Publique | 31 | 6 | 2020-01-23 | p. 837-843 | 0995-3914
856 4 1 _uhttps://stm.cairn.info/revue-sante-publique-2019-6-page-837?lang=fr&redirect-ssocas=7080
999 _c1579139
_d1579139